Электроразведочная аппаратура и оборудование: учебник для техникумов

Dettagli Bibliografici
Autore principale: Горячко И. В. Иван Васильевич
Altri autori: Алексеев А. М. (редактор)
Riassunto:Загл. указано на пер.
Lingua:russo
Pubblicazione: Москва, Недра, 1968
Soggetti:
Natura: MixedMaterials Libro
KOHA link:https://koha.lib.tpu.ru/cgi-bin/koha/opac-detail.pl?biblionumber=91362

MARC

LEADER 00000nam0a2200000 4500
001 91362
005 20231031104023.0
035 |a (RuTPU)RU\TPU\book\97948 
090 |a 91362 
100 |a 20060222d1968 m y0rusy50 ca 
101 0 |a rus 
102 |a RU 
105 |a a j 001zy 
200 1 |a Электроразведочная аппаратура и оборудование  |e учебник для техникумов  |f И. В. Горячко 
210 |a Москва  |c Недра  |d 1968 
215 |a 250 с.  |c ил. 
300 |a Загл. указано на пер. 
320 |a Библиогр. в конце кн. 
610 1 |a электроразведка 
610 1 |a аппаратура 
610 1 |a оборудование 
610 1 |a методы 
610 1 |a постоянный ток 
610 1 |a электроразведочные станции 
610 1 |a переменный ток 
610 1 |a измерения 
610 1 |a магнитное поле 
610 1 |a источники тока 
610 1 |a учебники 
675 |a 550.83.7(075.32)  |v 3 
700 1 |a Горячко  |b И. В.  |g Иван Васильевич 
702 1 |a Алексеев  |b А. М.  |4 340 
801 1 |a RU  |b 63413507  |c 20060222  |g PSBO 
801 2 |a RU  |b 63413507  |c 20141017  |g PSBO 
942 |c BK